Historical Communist North American States - Statistics

General Stats
  • This quiz has been taken 22 times
    15 since last reset
  • The average score is 4 of 12
Answer Stats
Existed Type Answer % Correct
1961-Present M-L Republic of Cuba
100%
1979–1990 Socialist Republic of Nicaragua
77%
1979–1983 M-L Republic of Grenada
69%
1994-Present Anarchist Chiapas (EZLN)
31%
1911-1920 Anarchist Morelos (ELDS)
15%
1915-1924 Socialist Yucatan (PSS)
15%
1855–1932 Communalist Amana Colonies
8%
1841–1847 Utopian Brook Farm
8%
1848-1898 Utopian Icarian Communes
8%
1825–1829 Utopian New Harmony
8%
1848–1881 Utopian Oneida Community
8%
1774-1947 Communalist Shaker Communes
8%
No matching quizzes found
Score Distribution
Percent of People with Each Score
Percentile by Number Answered
Your Score History
You have not taken this quiz since the last reset